| 000 | 00362nam a22001577a 4500 | ||
|---|---|---|---|
| 999 |
_c532255 _d532255 |
||
| 003 | NUST | ||
| 005 | 20191114153037.0 | ||
| 008 | 191114b ||||| |||| 00| 0 eng d | ||
| 038 | _aMSOHAIL | ||
| 082 | _a0 | ||
| 100 |
_a Steve Parker _93365 |
||
| 245 | _aEyewitness: Seashore | ||
| 260 |
_bNewYork _cAlfred A. Knopf _aN.D |
||
| 300 | _aP;64 | ||
| 942 |
_2ddc _cBK |
||